Países separados de Rusia por un país - Muerte Súbita - Estadísticas

Estadísticas generales
  • Esta prueba ha sido intentada 68 veces
  • La puntuación promedio es 6 de 19
Answers on the Grid
Answers color-coded by a green-red scale on the quiz's grid according to % correct below.
China
Corea del Sur
India
Irán
Bulgaria
Tailandia
Estados Unidos
Alemania
Finlandia
Eslovaquia
Afganistán
Turkmenistán
Bután
Corea del Norte
Mongolia
Vietnam
Laos
Birmania
Bangladés
Kazajistán
Armenia
Hungría
Polonia
Chequia
Suecia
Dinamarca
Kirguistán
Taykistán
Irak
Turquía
Nepal
Siria
 
Estadísticas de respuestas
Respuesta % Correcto
India
82%
Corea del Sur
79%
Suecia
43%
Alemania
39%
Irán
39%
Armenia
36%
Afganistán
32%
Bután
29%
Eslovaquia
29%
Laos
29%
Kirguistán
25%
Nepal
25%
Taykistán
25%
Turkmenistán
25%
Birmania
21%
Vietnam
21%
Chequia
18%
Hungría
14%
Turquía
14%
No se encontraron pruebas coincidentes
Distribución de puntuación
Porcentaje de gente con cada puntuación
Porcentaje por número respondido
Historial de tus puntuaciones
No has intentado esta prueba.